000 00290nam a22001337a 4500
008 180214b xxu||||| |||| 00| 0 eng d
020 _a9780273787075
041 _aeng
080 _a658
100 _a54
101 _aMAN
245 _aOPERATIONS MANAGEMENT
_cRENDER.B
942 _2udc
_cBK
999 _c42496
_d42496